[Event "London Classic op 4th"]
[Site "London"]
[Date "2012.12.09"]
[Round "9"]
[White "Wood, Peter R"]
[Black "Zymberi, Astrit"]
[Result "1/2-1/2"]
[WhiteElo "1931"]
[BlackElo "2154"]
[PlyCount "143"]
[EventDate "2012.12.01"]
[EventType "swiss"]
[EventRounds "9"]
[EventCountry "ENG"]
[SourceTitle "EXT 2014"]
[Source "ChessBase"]
[SourceDate "2013.11.20"]
[SourceVersion "1"]
[SourceVersionDate "2013.11.20"]
[SourceQuality "1"]

1. e4 c5 2. Nc3 e6 3. g3 d5 4. exd5 exd5 5. Bg2 d4 6. Qe2+ Qe7 7. Nd5 Qxe2+ 8. Nxe2 Bd6 9. d3 Ne7 10. Bf4 Bxf4 11. Nexf4 Nxd5 12. Nxd5 Kd8 13. 0-0 Re8 14. Rfe1 Rxe1+ 15. Rxe1 Nc6 16. a3 Bf5 17. b4 cxb4 18. axb4 Rc8 19. b5 Na5 20. Ne7 Rc5 21. Nxf5 Rxf5 22. Rb1 Rf6 23. Ra1 b6 24. Ra4 Rd6 25. Kf1 g5 26. Be4 h6 27. Ke2 Kc7 28. h4 Kb8 29. hxg5 hxg5 30. Ra1 Re6 31. Kd2 Re5 32. Rh1 f5 33. Bg2 Rxb5 34. Rh8+ Kc7 35. Rh7+ Kb8 36. Rh8+ Kc7 37. Rh7+ Kd6 38. Rxa7 Nc6 39. Bxc6 Kxc6 40. Rg7 g4 41. Rg8 Rd5 42. Re8 Kb5 43. Re1 Kb4 44. Rb1+ Kc5 45. Ra1 Re5 46. Ra8 Rd5 47. Rc8+ Kb5 48. Ra8 Kb4 49. Ra7 b5 50. Ra1 f4 51. Rb1+ Kc5 52. gxf4 Rf5 53. Ke2 Rxf4 54. Rg1 Kd5 55. Rb1 Kc6 56. Rh1 Rf5 57. Rh8 Rg5 58. Rc8+ Kd6 59. Rb8 Kc5 60. Rc8+ Kb4 61. Rf8 Kc3 62. Kd1 g3 63. Rc8+ Kb2 64. fxg3 Rxg3 65. Rc5 b4 66. Rb5 Rg1+ 67. Kd2 Rg2+ 68. Kd1 Rg1+ 69. Kd2 Rg2+ 70. Kd1 Kc3 71. Rc5+ Kb2 72. Rc4 1/2-1/2

[Event "London Classic op"]
[Site "London"]
[Date "2011.12.06"]
[Round "4"]
[White "Hjort, Helge"]
[Black "Zymberi, Astrit"]
[Result "0-1"]
[WhiteElo "1969"]
[BlackElo "2138"]
[PlyCount "56"]
[EventDate "2011.12.03"]
[EventType "swiss"]
[EventRounds "9"]
[EventCountry "ENG"]
[SourceTitle "CBM 145 Extra"]
[Source "ChessBase"]
[SourceDate "2012.01.03"]
[SourceVersion "1"]
[SourceVersionDate "2012.01.03"]
[SourceQuality "1"]

1. e4 c5 2. Nf3 e6 3. d4 cxd4 4. Nxd4 Nc6 5. Nc3 Qc7 6. Be3 a6 7. Qd2 Nf6 8. 0-0-0 b5 9. f3 Ne5 10. Bf4 b4 11. Na4 Rb8 12. Kb1 Bb7 13. c4 d6 14. b3 Be7 15. Be2 0-0 16. Be3 Rfd8 17. Rc1 Ned7 18. Qe1 Nc5 19. Nxc5 dxc5 20. Nc2 a5 21. Rd1 a4 22. Rxd8+ Rxd8 23. Qc1 axb3 24. axb3 Bxe4 25. fxe4 Nxe4 26. Qe1 Qa5 27. Bf3 Nc3+ 28. Kc1 Qa2 0-1

[Event "EU-Cup 27th"]
[Site "Rogaska Slatina"]
[Date "2011.10.01"]
[Round "7"]
[White "Zymberi, Astrit"]
[Black "Yeo, Gareth"]
[Result "1/2-1/2"]
[WhiteElo "2154"]
[BlackElo "2006"]
[PlyCount "42"]
[EventDate "2011.09.25"]
[EventType "team-swiss"]
[EventRounds "7"]
[EventCountry "SLO"]
[SourceTitle "CBM 145"]
[Source "ChessBase"]
[SourceDate "2011.11.11"]
[SourceVersion "1"]
[SourceVersionDate "2011.11.11"]
[SourceQuality "1"]
[WhiteTeam "Expik"]
[BlackTeam "Nidum"]
[WhiteTeamCountry "KOS"]
[BlackTeamCountry "WLS"]

1. d4 d5 2. c4 c6 3. Nf3 Nf6 4. Qb3 e6 5. g3 Be7 6. Bg2 0-0 7. 0-0 b6 8. Bf4 Nbd7 9. Nbd2 Bb7 10. Ne5 Nxe5 11. Bxe5 Nd7 12. Bf4 Nf6 13. Rfd1 Nh5 14. Be3 Rc8 15. Rac1 Nf6 16. c5 Ba6 17. cxb6 axb6 18. Bf3 Nd7 19. Qa4 Bb5 20. Qb3 Ba6 21. Qa4 Bb5 1/2-1/2